000 00911nas a2200253 i 4500
001 1188
003 ES-MaACL
005 20250416161724.0
007 t|
008 950801c1960 gw | | 1 ||pa d
022 _a0018-7615
245 0 0 _aHumboldt :
_brevista para el mundo ibérico = Zeitschrift für die Iberische Welt /
_cGoethe-Institut Inter Nationes ; dir. Alberto Theile.
260 _aHamburgo :
_bUbersee,
_c1960- (
_fFriedrich Portner)
300 _a10 v. :
_bgrab. ;
_c30 cm.
310 _aTrimestral
362 0 _aAño 1, n. 1 (1960)-
650 1 4 _aRevistas de información general.
_916896
655 7 _2tgfbne
_9226866
_aRevistas
700 1 _aTheile, Alberto,
_9194115
852 _aES-MaACL
_jHEM-H-218
_dOlim: hem-1445
_91213
_cHEM
866 0 _o1960(1961f.n.5y8)(1962f.n.9)1963,(1982f.n.75y76)(1983f.n.79)1984-2007 (2008).
942 _2udc
999 _c1188
_d1188